LEADER 01636oam 2200421M 450 001 9910716247403321 005 20200213070513.4 035 $a(CKB)5470000002519652 035 $a(OCoLC)1065788321 035 $a(OCoLC)995470000002519652 035 $a(EXLCZ)995470000002519652 100 $a20071213d1926 ua 0 101 0 $aeng 135 $aurcn||||||||| 181 $ctxt$2rdacontent 182 $cc$2rdamedia 183 $acr$2rdacarrier 200 10$aConsideration of H.R. 12316 -- laws applicable to Canal Zone. June 9, 1926. -- Referred to the House Calendar and ordered to be printed 210 1$a[Washington, D.C.] :$c[U.S. Government Printing Office],$d1926. 215 $a1 online resource (1 pages) 225 1 $aHouse report / 69th Congress, 1st session. House ;$vno. 1429 225 1 $a[United States congressional serial set] ;$v[serial no. 8537] 300 $aBatch processed record: Metadata reviewed, not verified. Some fields updated by batch processes. 300 $aFDLP item number not assigned. 606 $aLegislative amendments 606 $aTerritories and possessions 608 $aLegislative materials.$2lcgft 615 0$aLegislative amendments. 615 0$aTerritories and possessions. 701 $aSnell$b Bertrand Hollis$f1870-1958$pRepublican (NY)$01388514 801 0$bWYU 801 1$bWYU 801 2$bOCLCO 801 2$bOCLCQ 906 $aBOOK 912 $a9910716247403321 996 $aConsideration of H.R. 12316 -- laws applicable to Canal Zone. June 9, 1926. -- Referred to the House Calendar and ordered to be printed$93539876 997 $aUNINA LEADER 01033nam 2200373 450 001 9910824523603321 005 20230803015713.0 010 $a2-8062-4953-8 035 $a(CKB)3820000000022688 035 $a(Au-PeEL)EBL4465954 035 $a(CaPaEBR)ebr11192409 035 $a(OCoLC)946261591 035 $a(MiAaPQ)EBC4465954 035 $a(EXLCZ)993820000000022688 100 $a20160516h20132013 uy 0 101 0 $afre 135 $aurcnu|||||||| 181 $2rdacontent 182 $2rdamedia 183 $2rdacarrier 200 10$aMachiavel /$fdocument re?dige? par Dominique Coutant-Defer 210 1$a[Place of publication not identified] :$clePetitLitteraire.fr,$d2013. 210 4$dİ2013 215 $a1 online resource (22 pages) 225 0 $aFiche Philosophe 676 $a852.3 700 $aCoutant-Defer$b Dominique$01112765 801 0$bMiAaPQ 801 1$bMiAaPQ 801 2$bMiAaPQ 906 $aBOOK 912 $a9910824523603321 996 $aMachiavel$94075534 997 $aUNINA LEADER 01707nam 2200565 450 001 9910825744503321 005 20230801231325.0 010 $a0-85719-188-8 035 $a(UkCvUL)(CKB)2670000000418980 035 $a(UkCvUL)(OCoLC)861526711 035 $a(UkCvUL)(CaPaEBR)ebrary10754293 035 $a(UkCvUL)(SSID)ssj0001168912 035 $a(UkCvUL)(PQKBManifestationID)11625942 035 $a(UkCvUL)(PQKBTitleCode)TC0001168912 035 $a(UkCvUL)(PQKBWorkID)11165160 035 $a(UkCvUL)(PQKB)11780546 035 $a(UkCvUL)(MiAaPQ)EBC3299623 035 $a(UkCvUL)992670000000418980 035 $a(MiAaPQ)EBC3299623 035 $a(Au-PeEL)EBL3299623 035 $a(CaPaEBR)ebr10754293 035 $a(OCoLC)908649556 035 $a(EXLCZ)992670000000418980 100 $a20130917d2012 uy| 0 101 0 $aeng 135 $aurcnu|||||||| 181 $ctxt 182 $cc 183 $acr 200 10$aStyle /$fF.L. Lucas 205 $a[Third edition]. 210 1$aPetersfield, Hampshire, Great Britain :$cHh,$d2012. 215 $a1 online resource (281 p.) 300 $aBibliographic Level Mode of Issuance: Monograph 311 $a0-85719-187-X 320 $aIncludes bibliographical references and index. 517 1 $aStyle :$ethe art of writing well 606 $aAuthorship 606 $aEnglish language$xRhetoric 615 0$aAuthorship. 615 0$aEnglish language$xRhetoric. 676 $a808.02 700 $aLucas$b F. L$g(Frank Laurence),$f1894-1967.$0168553 801 0$bMiAaPQ 801 1$bMiAaPQ 801 2$bMiAaPQ 906 $aBOOK 912 $a9910825744503321 996 $aStyle$94099021 997 $aUNINA